Геоэкологические исследования в СССР: доклады советских геологов, XXVIII сессия; международный геологический конгресс, 1989, Вашингтон

Dettagli Bibliografici
Enti autori: Всесоюзный научно-исследовательский институт гидрогеологии и инженерной геологии, Геоэкологические исследования в СССР конгресс
Altri autori: Козловский Е. А. (редактор)
Lingua:russo
Pubblicazione: Москва, Изд-во ВСЕГИНГЕО, 1989
Soggetti:
Natura: MixedMaterials Libro
KOHA link:https://koha.lib.tpu.ru/cgi-bin/koha/opac-detail.pl?biblionumber=378515

MARC

LEADER 00000nam0a2200000 4500
001 378515
005 20231101054547.0
035 |a (RuTPU)RU\TPU\retro\35971 
035 |a RU\TPU\book\120538 
090 |a 378515 
100 |a 20230601d1989 k y0rusy50 ca 
101 0 |a rus 
102 |a RU 
105 |a a z 100zy 
200 1 |a Геоэкологические исследования в СССР  |e доклады советских геологов, XXVIII сессия  |e международный геологический конгресс, 1989, Вашингтон  |f Всесоюзный научно-исследовательский институт гидрогеологии и инженерной геологии; под ред. Е. А. Козловского 
210 |a Москва  |c Изд-во ВСЕГИНГЕО  |d 1989 
215 |a 152 с.  |c ил. 
610 1 |a геоэкологические исследования 
610 1 |a СССР 
610 1 |a доклады 
675 |a 550.7(063)  |v 3 
702 1 |a Козловский  |b Е. А.  |4 340 
712 0 2 |a Всесоюзный научно-исследовательский институт гидрогеологии и инженерной геологии  |2 stltpush  |3 (RuTPU)RU\TPU\col\2061 
712 1 0 |a Геоэкологические исследования в СССР  |b конгресс  |d XXVIII  |e Вашингтон  |f 1989 
801 1 |a RU  |b 63413507  |c 20070317  |g PSBO 
801 2 |a RU  |b 63413507  |c 20230601  |g PSBO 
942 |c BK